Automated network management systems : (Record no. 11324)
[ view plain ]
| 000 -LEADER | |
|---|---|
| fixed length control field | 00816cam a22002295a 4500 |
| 001 - CONTROL NUMBER | |
| control field | 14465295 |
| 005 - DATE AND TIME OF LATEST TRANSACTION | |
| control field | 20180102120627.0 |
| 008 - FIXED-LENGTH DATA ELEMENTS--GENERAL INFORMATION | |
| fixed length control field | 060724t2007 njua frb 001 0 eng d |
| 020 ## - INTERNATIONAL STANDARD BOOK NUMBER | |
| International Standard Book Number | 0132393085 |
| 020 ## - INTERNATIONAL STANDARD BOOK NUMBER | |
| International Standard Book Number | 9780132393089 |
| 040 ## - CATALOGING SOURCE | |
| Original cataloging agency | DLC |
| Transcribing agency | DLC |
| Modifying agency | BAKER |
| -- | C#P |
| -- | YDXCP |
| -- | IXA |
| -- | DLC |
| -- | EG-ScBUE |
| Language of cataloging | eng |
| 082 04 - DEWEY DECIMAL CLASSIFICATION NUMBER | |
| Classification number | 004.6 |
| Edition number | 22 |
| Item number | COM |
| 100 1# - MAIN ENTRY--PERSONAL NAME | |
| Personal name | Comer, Douglas. |
| 9 (RLIN) | 3817 |
| 245 10 - TITLE STATEMENT | |
| Title | Automated network management systems : |
| Remainder of title | current and future capabilities / |
| Statement of responsibility, etc | Douglas E. Comer. |
| 260 ## - PUBLICATION, DISTRIBUTION, ETC. (IMPRINT) | |
| Place of publication, distribution, etc | Upper Saddle River : |
| Name of publisher, distributor, etc | Pearson Prentice Hall, |
| Date of publication, distribution, etc | c.2007. |
| 300 ## - PHYSICAL DESCRIPTION | |
| Extent | xvi, 342 p. : |
| Other physical details | ill. ; |
| Dimensions | 25 cm. |
| 504 ## - BIBLIOGRAPHY, ETC. NOTE | |
| Bibliography, etc | Includes bibliographical references and index. |
| 650 #7 - SUBJECT ADDED ENTRY--TOPICAL TERM | |
| Topical term or geographic name as entry element | Computer networks |
| General subdivision | Management |
| -- | Automation |
| 9 (RLIN) | 3819 |
| Source of heading or term | BUEsh |
| 651 ## - SUBJECT ADDED ENTRY--GEOGRAPHIC NAME | |
| Source of heading or term | BUEsh |
| 653 ## - INDEX TERM--UNCONTROLLED | |
| Resource For college | Generalities |
| Arrived date list | January2014 |
| -- | January2018 |
| 942 ## - ADDED ENTRY ELEMENTS (KOHA) | |
| Source of classification or shelving scheme | Dewey Decimal Classification |
| Item type | Book - Borrowing |
| Call number prefix | 004.6 COM |
| Withdrawn status | Item status | Source of classification or shelving scheme | Damaged status | Not for loan | Vendor | Home library | Current library | Shelving location | Date acquired | Source of acquisition | Cost, normal purchase price | Serial Enumeration / chronology | Total Checkouts | Full call number | Barcode | Date last seen | Koha item type | Cost, replacement price |
|---|---|---|---|---|---|---|---|---|---|---|---|---|---|---|---|---|---|---|
| Dewey Decimal Classification | Baccah | Central Library | Central Library | Lower Floor | 16/04/2009 | 528.00 | 7073 | 004.6 COM | 000015911 | 15/07/2025 | Book - Borrowing | |||||||
| Dewey Decimal Classification | Baccah | Central Library | Central Library | Lower Floor | 23/01/2014 | Purchase | 880.00 | 004.6 COM | 000035437 | 15/07/2025 | NB - Book (Non borrowing) | 1100.00 | ||||||
| Dewey Decimal Classification | Baccah | Central Library | Central Library | Lower Floor | 23/01/2014 | Purchase | 880.00 | 004.6 COM | 000035438 | 15/07/2025 | Book - Borrowing | 1100.00 | ||||||
| Dewey Decimal Classification | Central Library | Central Library | Lower Floor | 02/01/2018 | 004.6 COM | 000047071 | 15/07/2025 | Book - Borrowing |